000 00830nam0a22002531 4500
001 rc\2694971
005 20250623164021.0
035 _a(NLR Aleph) 006823173
090 _a6465462
_c6465462
100 _a20110915d1933 |||y0rusy50 ca
101 0 _arus
102 _aRU
105 _aa z |||||
200 1 _aЖелезнодорожный транспорт СССР
_fА. Казачинский, Л. Хват
210 _aМосква
_aЛенинград
_cГосжелдориздат
_d1933
_eМосква
_g5 тип. треста "Полиграфкнига"
215 _aОбл., 43 с.
_cил.
_d15х12 см.
700 1 _aКазачинский
_bА.
701 1 _aХват
_bЛ.Б.
801 0 _aRU
_bNLR
_gpsbo
801 1 _aRU
_bELAR
_2rusmarc
852 _aNLR
_j33-8/998
942 _cBOOK
980 _aNB